<?xml version="1.0" encoding="UTF-8"?>
<marc:record xmlns:marc="http://www.loc.gov/MARC21/slim">
   <marc:leader>00000nam a2200000 a 4500</marc:leader>
   <marc:datafield ind1="1" ind2=" " tag="100">
      <marc:subfield code="a">Roth, Veronica</marc:subfield>
      <marc:subfield code="4">aut</marc:subfield>
      <marc:subfield code="e">Verfasser/-in</marc:subfield>
   </marc:datafield>
   <marc:datafield ind1=" " ind2=" " tag="653">
      <marc:subfield code="a">Utopie</marc:subfield>
   </marc:datafield>
   <marc:datafield ind1=" " ind2=" " tag="653">
      <marc:subfield code="a">Liebe</marc:subfield>
   </marc:datafield>
   <marc:datafield ind1=" " ind2=" " tag="653">
      <marc:subfield code="a">Jugendroman</marc:subfield>
   </marc:datafield>
   <marc:datafield ind1=" " ind2=" " tag="653">
      <marc:subfield code="a">Dystopie</marc:subfield>
   </marc:datafield>
   <marc:datafield ind1=" " ind2=" " tag="653">
      <marc:subfield code="a">Rebellion</marc:subfield>
   </marc:datafield>
   <marc:datafield ind1="0" ind2="0" tag="245">
      <marc:subfield code="a">Fours Geschichte</marc:subfield>
   </marc:datafield>
   <marc:datafield ind1="0" ind2="0" tag="245">
      <marc:subfield code="b">Jugendroman ab 12 Jahren; Bd. 4</marc:subfield>
   </marc:datafield>
   <marc:datafield ind1=" " ind2="1" tag="264">
      <marc:subfield code="b">C. Bertelsmann Verl.</marc:subfield>
      <marc:subfield code="c">2014</marc:subfield>
   </marc:datafield>
   <marc:datafield ind1="1" ind2=" " tag="490">
      <marc:subfield code="a">Die Bestimmung:</marc:subfield>
   </marc:datafield>
   <marc:datafield ind1="1" ind2=" " tag="520">
      <marc:subfield code="a">Klappentext: Four - das ist der attraktive Protagonist von Veronica RothÆs Bestsellertrilogie "Die Bestimmung". Seine Geschichte unterscheidet sich von TrisÆ - und ist mindestens genauso interessant. In "Fours Geschichte" erfahren die Leser endlich mehr über ihren Lieblingshelden: Wie kam er zu den Ferox? Wie wurde er ein Anführer? Und wie lernte er Tris kennen? Hier erzählt er von seinem Leben. Ein Muss für alle Fans der "Bestimmung".  Biografie Veronica Roth lebt in Chicago und studierte an der dortigen Northwestern University Creative Writing. Im Alter von nur 20 Jahren schrieb sie während ihres Studiums den Roman, der später "Die Bestimmung" wurde und den Auftakt zu ihrer internationalen Bestseller-Trilogie bildet. Nun hat ihr Buchhit auch die Leinwand erobert. In der Verfilmung der preisgekrönten Romane begeistern die Stars Shailene Woodley als die tapfere junge Heldin Tris und Theo James als deren große Liebe Four.</marc:subfield>
   </marc:datafield>
   <marc:datafield ind1=" " ind2=" " tag="020">
      <marc:subfield code="a">9783570163634</marc:subfield>
      <marc:subfield code="9">9783570163634</marc:subfield>
   </marc:datafield>
</marc:record>
